000 00322nam a2200121Ia 4500
008 240731s9999 xx 000 0 und d
022 _a1748-5819
245 0 _aWomen & Performance: a journal of feminist theory
260 _bRoutledge
856 _uhttps://www.tandfonline.com/loi/rwap20
942 _2ddc
942 _cTFEJ
999 _c80294
_d80294
945 _a1
_bMadushi Gamage
_c1
_dMadushi Gamage